| Tag |
First Indicator |
Second Indicator |
Subfields |
| LEADER |
00000nam a2200000Ia 4500 |
| 001 |
in00004312413 |
| 005 |
20200812084453.0 |
| 006 |
m g d |
| 007 |
cr bn |||a|bb| |
| 008 |
980922s1691 stk o 00| | eng d |
| 035 |
|
|
|a (UnM)99899388
|
| 037 |
|
|
|a CL0037000096
|b ProQuest Information and Learning. 300 N. Zeeb Rd., Ann Arbor, MI 48106
|
| 040 |
|
|
|a Cu-RivES
|c Cu-RivES
|e dcrb
|d WaOLN
|
| 110 |
1 |
|
|a Scotland.
|b Privy Council.
|
| 245 |
1 |
2 |
|a A proclamation anent baggage-horses
|
| 260 |
|
|
|a Edinburgh :
|b printed by the heir of Andrew Anderson, printer to their most excellent Majesties,
|c anno Dom. 1691.
|
| 300 |
|
|
|a 1 online resource (4 pages)
|
| 336 |
|
|
|a text
|b txt
|2 rdacontent
|
| 337 |
|
|
|a computer
|b c
|2 rdamedia
|
| 338 |
|
|
|a online resource
|b cr
|2 rdacarrier
|
| 500 |
|
|
|a Drop-head title.
|
| 500 |
|
|
|a Imprint from colophon.
|
| 500 |
|
|
|a Reproduction of original in the Folger Shakespeare Library.
|
| 510 |
4 |
|
|a Wing (CD-ROM, 1996)
|c S1626
|
| 510 |
4 |
|
|a Steele, III
|c 2917
|
| 533 |
|
|
|a Electronic reproduction.
|b Ann Arbor, Mich. :
|c UMI,
|d 1999-
|f (Early English books online)
|n Digital version of: (Early English books, 1641-1700 ; 2358:33)
|7 s1999 miun s
|
| 610 |
1 |
0 |
|a England and Wales.
|b Army
|x Transportation
|v Early works to 1800.
|
| 650 |
|
0 |
|a Requisitions, Military
|z Great Britain
|v Early works to 1800.
|
| 650 |
|
0 |
|a Transportation, Military
|z Great Britain
|v Early works to 1800.
|
| 651 |
|
4 |
|a Great Britain
|x History
|y William and Mary, 1689-1702
|v Early works to 1800.
|
| 651 |
|
4 |
|a Scotland
|x History
|y 1689-1745
|v Early works to 1800.
|
| 830 |
|
0 |
|a Early English books online.
|
| 856 |
4 |
0 |
|u http://proxy.library.tamu.edu/login?url=https://search.proquest.com/docview/2240850201
|z Connect to the full text of this electronic book
|t 0
|
| 999 |
f |
f |
|s 73855464-68f8-3370-bbe2-181338df28ef
|i b2a09d2a-1235-3532-8bbb-1e10b1eebc54
|t 0
|
| 952 |
f |
f |
|a Texas A&M University
|b College Station
|c Electronic Resources
|d Available Online
|t 0
|h No information provided
|
| 998 |
f |
f |
|t 0
|l Available Online
|